00816nam a2200217 i 4500001000700000003000900007005001700016007000300033008004100036100003800077245010200115260003200217300003000249490002800279651003300307700004900340830003600389852003200425999001900457952012200476125786ES-MaACL20250923161243.0t|070214s1968 sp r ||||1| val d1 aReglá, Juan, d1917-197399589710aAproximació a la historia del Pais Valenciá / cJoan Reglá ; proleg per M. Sanchis Guarner. aValencia : bEstel, c1968. a146 p. : bil. ; c21 cm.1 aSèrie "Taronja" ; v7 4aValencia-xHistoria.91534881 aSanchis Guarner, Manuel, d1911-198191030130 aSèrie "Taronja" ; v79219073 aES-MaACLjC-34392 bR.65300 c125786d125786 00104070aATENEOMbATENEOMcDEPO2d2008-01-17eSCl0oC-34392p1131030r2023-02-23 00:00:00w2023-02-23yMONOGRAFIA